00642nam a2200205Ia 4500008004100000050001100041050001500052100002700067245011500094245002700209260003100236260001000267260001000277300001600287300002000303300001100323500005600334521002700390999001900417170504s9999 xx 000 0 und d aHD 28  b.F745 2016 aFortunato, Fernando B. aFixed asset management system for southville internation school affiliated with foreign universities (SISFU) / cFernando B. Fortunato. aLas Piñas, Philippines : bSISC, c2016. a208 pages : billustrations ; c28 cm. aIncludes bibliographical references and appendices. aInformation Technology c329756d329756